| 000 | 01128nam a22003497a 4500 | ||
|---|---|---|---|
| 003 | CHAP | ||
| 005 | 20220329141445.0 | ||
| 008 | 971013s1988 mx r 00010 spa d | ||
| 010 | _a68472 | ||
| 011 | _a69444 | ||
| 035 | _a78920 | ||
| 040 | _cCHAP | ||
| 090 | _aFolleto 12230 | ||
| 100 | 0 | 0 |
_aSalcedo Gómez, José Guadalupe. _9101498 |
| 245 | 1 | _aBiología floral del cocotero en Tabasco, Méx. | |
| 260 |
_aPuyacatengo, Tab. : _bUACH. Centro Regional Universitario del Sureste, _c1988 |
||
| 300 | _a12 p. | ||
| 500 | _a29-109 | ||
| 500 | _aCol. UACH-CP | ||
| 590 |
_aBATCH-UPD _b10 _c20130109 _lUCH01 _h2315 |
||
| 590 |
_aBATCH-UPD _b10 _c20130110 _lUCH01 _h0616 |
||
| 590 |
_aBATCH-UPD _b10 _c20130409 _lUCH01 _h1835 |
||
| 590 |
_aBATCH-UPD _b10 _c20130410 _lUCH01 _h0258 |
||
| 590 |
_aBATCH-UPD _b10 _c20130914 _lUCH01 _h0954 |
||
| 590 |
_aCONVERSION _b10 _c20130109 _lUCH01 _h1338 |
||
| 650 | 1 | 4 |
_aCoco _xFloración. _924246 |
| 650 | 1 | 4 |
_aCoco _xTabasco. _924269 |
| 901 | _aBK | ||
| 942 | _cFOLL | ||
| 949 |
_aFolleto 12230 _bBC _cFOLL _d-146632 _eTS1 _fc.2 _i78920 _si |
||
| 949 |
_aFolleto 12230 _bBC _cFOLL _d-31797 _eTS1 _i78920 _si |
||
| 999 |
_c68472 _d68472 |
||